000 00664nam a2200229Ia 4500
003 OSt
005 20220926000711.0
006 a|||||r|||| 00| 0
007 ta
008 220923b |||||||| |||| 00| 0 eng d
037 _cGeneral Book
040 _aRTL
_cRTL
_beng
041 _2eng
_aeng
082 _aX:9910gF.2.N9, N1
100 _aGowda M V Srinivasa
_9302898
245 0 _aTechnological change and employment in India
260 _a New Delhi
_bIndus Publications India
_c1991
300 _a252p
_ccm.
650 _aLabour Market
942 _hX:9910gF.2.N9, N1
_cGB
_2CC
999 _c599460
_d599460